[Event "28.Alpenpokal"]
[Site "?"]
[Date "2002.??.??"]
[Round "6"]
[White "Wahl, Hedi"]
[Black "Boehm, Karl"]
[Result "1/2-1/2"]
[WhiteElo "1436"]
[BlackElo "1681"]
[Annotator "ChessOrg"]
[PlyCount "51"]

1. e4 c5 2. c3 d6 3. d4 cxd4 4. cxd4 g6 5. Nf3 Bg7 6. Nc3 Nc6 7. Bc4 Nf6 8. Rb1
O-O 9. O-O a6 10. a3 b5 11. Ba2 Bd7 12. Re1 Rc8 13. h3 Na5 14. e5 Ne8 15. Bg5
Nc4 16. Nd5 f6 17. exf6 exf6 18. Ne7+ Kh8 19. Nxc8 Bxc8 20. Be3 Bf5 21. Bxc4
Bxb1 22. Bd3 Bxd3 23. Qxd3 Rf7 24. Rc1 Rc7 25. Qd2 Qc8 26. Rxc7 1/2-1/2

[Event "28.Alpenpokal"]
[Site "?"]
[Date "2002.??.??"]
[Round "6"]
[White "Schweiger, Thomas"]
[Black "Kaiser, Hans"]
[Result "0-1"]
[WhiteElo "1300"]
[BlackElo "1679"]
[Annotator "ChessOrg"]
[PlyCount "89"]

1. Nf3 Nf6 2. g3 d5 3. d3 Nbd7 4. Nbd2 b6 5. Bg2 Bb7 6. O-O e6 7. b3 Be7 8. Bb2
O-O 9. Rc1 c5 10. e3 Rc8 11. c4 dxc4 12. bxc4 Bc6 13. a4 Qc7 14. d4 cxd4 15.
exd4 Qb7 16. Qb3 Qa6 17. Ra1 Qa5 18. Nh4 Qxd2 19. Rad1 Qg5 20. d5 exd5 21. cxd5
Nc5 22. Qc4 Bxa4 23. Bxf6 Qxf6 24. Bh3 Bxd1 25. Bxc8 Bb3 26. Qg4 Bxd5 27. Nf5
Ne6 28. Ba6 Bc5 29. Bd3 Nd4 30. Nh4 Nf3+ 31. Nxf3 Qxf3 32. Qxf3 Bxf3 33. Bb5
Rd8 34. Ba4 Rd2 35. h3 Bd5 36. Bb5 Rb2 37. Bd3 a5 38. Rd1 Bxf2+ 39. Kf1 g6 40.
Be2 Bb3 41. Rd8+ Kg7 42. Kxf2 Bc4 43. Re8 Rxe2+ 44. Rxe2 Bxe2 45. Kxe2 0-1

[Event "28.Alpenpokal"]
[Site "?"]
[Date "2002.??.??"]
[Round "6"]
[White "Girod, Gudrun"]
[Black "Wempe, Anke"]
[Result "1/2-1/2"]
[WhiteElo "1366"]
[BlackElo "1200"]
[Annotator "ChessOrg"]
[PlyCount "36"]

1. d4 d5 2. e3 Nf6 3. Nf3 Nc6 4. h3 g6 5. Bb5 Bd7 6. Bxc6 Bxc6 7. Nc3 Bg7 8.
Ne5 Bd7 9. Nxd7 Qxd7 10. O-O O-O 11. Bd2 e6 12. Qe2 a6 13. Rad1 Rad8 14. b3 Qd6
15. Na4 Ne4 16. Nc3 Nxd2 17. Qxd2 e5 18. Ne2 exd4 1/2-1/2

[Event "28.Alpenpokal"]
[Site "?"]
[Date "2002.??.??"]
[Round "7"]
[White "Wunderer, Eckart"]
[Black "Assmann, Thomas"]
[Result "0-1"]
[WhiteElo "2151"]
[BlackElo "2334"]
[Annotator "ChessOrg"]
[PlyCount "120"]

1. d4 Nf6 2. Nf3 e6 3. Bf4 c5 4. e3 cxd4 5. exd4 b6 6. Bd3 Bb7 7. Nbd2 Be7 8.
O-O O-O 9. c3 d6 10. h3 Nbd7 11. Qe2 Re8 12. Ne4 Qc7 13. Bh2 Nxe4 14. Bxe4 Nf6
15. Bxb7 Qxb7 16. Rfe1 b5 17. Nd2 Rec8 18. f3 Qb6 19. Kh1 b4 20. Rec1 bxc3 21.
bxc3 Qb2 22. Qd3 Qa3 23. Nc4 Qa6 24. Ne5 Rc6 25. Nxc6 Qxd3 26. Nxe7+ Kh8 27.
Bxd6 Qa6 28. Bb4 Re8 29. d5 exd5 30. Rd1 Qb7 31. Nf5 Qd7 32. Nd4 Qa4 33. a3 a5
34. Bd6 Qc4 35. Rdc1 h6 36. a4 Re3 37. Nb5 Re2 38. Bc7 Ra2 39. Bxa5 Qxa4 40.
Rxa2 Qxa2 41. Bb4 Nh5 42. Nd4 Ng3+ 43. Kg1 Qd2 44. Ra1 h5 45. Rb1 h4 46. Ra1
Kh7 47. Rb1 Kg6 48. Ra1 Qe3+ 49. Kh2 Qf2 50. Bd6 Nf1+ 51. Kh1 Ne3 52. Rg1 Qd2
53. Bb4 Nd1 54. Rf1 Qd3 55. Re1 Nxc3 56. Nc6 f6 57. Re6 Qf1+ 58. Kh2 Ne2 59.
Bc5 Nf4 60. Ne5+ Kh7 0-1

[Event "28.Alpenpokal"]
[Site "?"]
[Date "2002.??.??"]
[Round "7"]
[White "Reinkoester, Michael"]
[Black "Kleifges, Matthias"]
[Result "0-1"]
[WhiteElo "1786"]
[BlackElo "2067"]
[Annotator "ChessOrg"]
[PlyCount "123"]

1. d4 Nf6 2. c4 e5 3. dxe5 Ng4 4. Nf3 Bc5 5. e3 Nc6 6. Be2 O-O 7. O-O Re8 8. a3
a5 9. b3 Ngxe5 10. Bb2 Nxf3+ 11. Bxf3 Ne5 12. Nc3 Ra6 13. Nd5 Rh6 14. Bxe5 Rxe5
15. g3 Bf8 16. Qd2 c6 17. Nf4 Qf6 18. Bh1 d6 19. Qd4 g5 20. Nd3 Qe6 21. Nxe5
Bg7 22. Qg4 Qxg4 23. Nxg4 Bxg4 24. Ra2 Re6 25. f3 Bh3 26. Re1 Bd4 27. Kf2 Bc5
28. g4 h5 29. Kg3 Bf1 30. Rxf1 h4+ 31. Kg2 Rxe3 32. b4 axb4 33. axb4 Bxb4 34.
Rb2 Bc5 35. Rxb7 Rc3 36. Rc7 Rxc4 37. Rxc6 Rc2+ 38. Kh3 Kg7 39. Rd1 Rb2 40. Rd5
Be3 41. Rf5 Bf4 42. Bg2 f6 43. Rc7+ Kg6 44. Ra5 Be5 45. Raa7 f5 46. gxf5+ Kxf5
47. Rf7+ Kg6 48. Bf1 Rxh2+ 49. Kg4 Rd2 50. Rfe7 Rd4+ 51. Kh3 Rd1 52. Bg2 Rd4
53. Ra3 Kf5 54. Bf1 Rd2 55. Bd3+ Kf6 56. Rh7 Rh2+ 57. Kg4 Rg2+ 58. Kh5 Bf4 59.
Ra5 Be3 60. Rh6+ Ke7 61. Ra8 h3 62. Rah8 0-1

[Event "28.Alpenpokal"]
[Site "?"]
[Date "2002.??.??"]
[Round "7"]
[White "Bierwisch, Bernhard"]
[Black "Schumacher, Gottfried"]
[Result "1-0"]
[WhiteElo "2167"]
[BlackElo "2186"]
[Annotator "ChessOrg"]
[PlyCount "61"]

1. e4 e6 2. d4 d5 3. Nc3 Nf6 4. Bg5 Bb4 5. e5 h6 6. Bd2 Nfd7 7. Nce2 Be7 8. f4
c5 9. Nf3 cxd4 10. Nexd4 Nc6 11. c3 Nc5 12. Qc2 Bd7 13. Be3 a6 14. Nb3 Na4 15.
Bd3 Rc8 16. Qf2 Na5 17. Nxa5 Qxa5 18. O-O Nc5 19. Bc2 Qc7 20. Qg3 Rg8 21. Nd4
Ne4 22. Bxe4 dxe4 23. f5 Bc5 24. fxe6 Bxe6 25. Nxe6 Bxe3+ 26. Qxe3 fxe6 27.
Qxe4 Qb6+ 28. Kh1 Rc7 29. Rad1 Rf8 30. Qg6+ Rff7 31. Rd6 1-0

[Event "28.Alpenpokal"]
[Site "?"]
[Date "2002.??.??"]
[Round "7"]
[White "Froehlich, Rainer"]
[Black "Jolowicz, Matias"]
[Result "0-1"]
[WhiteElo "1933"]
[BlackElo "2275"]
[Annotator "ChessOrg"]
[PlyCount "78"]

1. c4 b6 2. Nc3 Bb7 3. e4 e6 4. d3 c5 5. f4 Nc6 6. Nf3 Be7 7. Be2 d6 8. a3 Nf6
9. O-O O-O 10. Rb1 a6 11. b4 Nd4 12. Kh1 Nxe2 13. Qxe2 Qc7 14. Be3 d5 15. bxc5
bxc5 16. Bd2 d4 17. Nd1 Bc6 18. Nf2 a5 19. Rb2 Rfb8 20. Rfb1 a4 21. e5 Nd7 22.
Ne4 Rxb2 23. Rxb2 Rb8 24. Bc1 Rb3 25. Rc2 Nf8 26. Nfd2 Rb8 27. Qg4 Ng6 28. Kg1
Bf8 29. h4 h5 30. Qf3 f5 31. exf6 Qxf4 32. f7+ Qxf7 33. Qxh5 Nf4 34. Qe5 Rd8
35. Ng5 Qf6 36. Qc7 Ne2+ 37. Kh1 Qf2 38. Ndf3 Qf1+ 39. Kh2 Bd6+ 0-1

[Event "28.Alpenpokal"]
[Site "?"]
[Date "2002.??.??"]
[Round "7"]
[White "Reinke, Kurt"]
[Black "Feller, Joseph"]
[Result "0-1"]
[WhiteElo "1863"]
[BlackElo "2209"]
[Annotator "ChessOrg"]
[PlyCount "72"]

1. d4 d5 2. Nf3 Nf6 3. c4 dxc4 4. Nc3 Nc6 5. e3 Bg4 6. Bxc4 e6 7. O-O Bd6 8.
Be2 O-O 9. e4 Bxf3 10. Bxf3 Nxd4 11. Be3 e5 12. g3 c5 13. Bg2 a6 14. Rc1 Rc8
15. h3 b5 16. Nd5 Nxd5 17. exd5 f5 18. b4 cxb4 19. Rxc8 Qxc8 20. Bxd4 exd4 21.
Qxd4 f4 22. Qb6 Rf6 23. Qc6 Qxc6 24. dxc6 fxg3 25. Rd1 gxf2+ 26. Kf1 Kf8 27.
Rd4 Ke7 28. h4 Kd8 29. Bh3 Kc7 30. Bd7 Bc5 31. Rd5 Bb6 32. Rg5 Rd6 33. Bg4 g6
34. h5 Rxc6 35. Be2 Rc1+ 36. Kg2 Rg1+ 0-1

[Event "28.Alpenpokal"]
[Site "?"]
[Date "2002.??.??"]
[Round "7"]
[White "Zuri, Rahim"]
[Black "Watson, Ron"]
[Result "1/2-1/2"]
[WhiteElo "1854"]
[BlackElo "2200"]
[Annotator "ChessOrg"]
[PlyCount "78"]

1. e4 c6 2. d4 d5 3. e5 Bf5 4. Nf3 e6 5. Bd3 Bxd3 6. Qxd3 Nd7 7. O-O h5 8. b3
Nh6 9. Bxh6 Rxh6 10. c4 dxc4 11. bxc4 g5 12. Rd1 g4 13. Ne1 Qc7 14. Nc3 O-O-O
15. Qe3 a6 16. Rab1 Nb6 17. c5 Nd5 18. Nxd5 Rxd5 19. Nd3 Rh8 20. Nb2 Bh6 21.
Qe4 Bf8 22. Nc4 Rd8 23. Rd3 Kd7 24. Rdb3 Rb8 25. Rb6 Be7 26. Na5 Qc8 27. Nxc6
bxc6 28. Rxb8 Qxb8 29. Rxb8 Rxb8 30. g3 Rb2 31. a4 Rb4 32. Qd3 Rxa4 33. Kg2 a5
34. h3 f5 35. exf6 Bxf6 36. Qh7+ Be7 37. Qd3 Bf6 38. Qg6 Bd8 39. Qd3 Bf6
1/2-1/2

[Event "28.Alpenpokal"]
[Site "?"]
[Date "2002.??.??"]
[Round "7"]
[White "Moehring, Norbert"]
[Black "Graf, Joachim"]
[Result "0-1"]
[WhiteElo "1818"]
[BlackElo "2171"]
[Annotator "ChessOrg"]
[PlyCount "54"]

1. b4 d5 2. Bb2 Nf6 3. e3 e6 4. a3 Bd6 5. Nf3 Nbd7 6. c4 c6 7. Nc3 O-O 8. Qc2
e5 9. cxd5 Nxd5 10. Ne4 Bb8 11. b5 c5 12. Nxc5 Qe7 13. Rc1 b6 14. Nxd7 Bxd7 15.
Bc4 Nf6 16. Qb3 Bd6 17. d4 exd4 18. Nxd4 Ne4 19. Bd5 Nc5 20. Rxc5 bxc5 21. Bxa8
cxd4 22. Bc6 dxe3 23. Bxd7 exf2+ 24. Kxf2 Bc5+ 25. Kf3 Qxd7 26. Rd1 Qf5+ 27.
Kg3 Bf2# 0-1

[Event "28.Alpenpokal"]
[Site "?"]
[Date "2002.??.??"]
[Round "7"]
[White "Korhonen, Erkki"]
[Black "Boeven, Manfred"]
[Result "1/2-1/2"]
[WhiteElo "1800"]
[BlackElo "2126"]
[Annotator "ChessOrg"]
[PlyCount "58"]

1. c4 e5 2. Nc3 Nf6 3. g3 c6 4. Nf3 e4 5. Ng5 d5 6. d3 h6 7. Nh3 exd3 8. cxd5
dxe2 9. Qxe2+ Be7 10. Nf4 O-O 11. Bg2 Re8 12. O-O Bg4 13. Qc4 cxd5 14. Nfxd5
Nbd7 15. Nxe7+ Qxe7 16. Be3 Ne5 17. Qb5 Nf3+ 18. Bxf3 Bxf3 19. Qf5 Bg4 20. Qb5
Qe6 21. Rfe1 Bf3 22. Qf1 Qf5 23. Ne2 Ng4 24. Nd4 Qd5 25. Nxf3 Qxf3 26. Bd4 a6
27. Rxe8+ Rxe8 28. Re1 Rd8 29. Bc3 Nf6 1/2-1/2

[Event "28.Alpenpokal"]
[Site "?"]
[Date "2002.??.??"]
[Round "7"]
[White "Varain, Ernst-Helmut"]
[Black "Rueggeberg, Wilhelm"]
[Result "1-0"]
[WhiteElo "2077"]
[BlackElo "1847"]
[Annotator "ChessOrg"]
[PlyCount "109"]

1. e4 c5 2. Nf3 Nc6 3. d4 cxd4 4. Nxd4 Nf6 5. Nc3 d6 6. Be2 e6 7. Be3 Be7 8.
Qd2 a6 9. a4 Bd7 10. O-O O-O 11. f4 Rc8 12. Nb3 Na5 13. e5 Ne8 14. Nxa5 Qxa5
15. Bd3 d5 16. Rf3 f5 17. Nb1 Qxd2 18. Nxd2 Bc5 19. Bxc5 Rxc5 20. Nb3 Rc7 21.
Nd4 g6 22. Be2 Ng7 23. Rb3 b5 24. axb5 axb5 25. Bxb5 h6 26. Kf2 Kf7 27. h4 Rg8
28. Ra6 Rb8 29. c3 Rcb7 30. Bxd7 Rxb3 31. Nxb3 Rxb3 32. Ra2 Ke7 33. Ba4 Rb7 34.
Bd1 h5 35. Ke3 Ne8 36. b4 Nc7 37. Be2 Kd8 38. Kd4 Rb8 39. Ra5 Ra8 40. c4 Rb8
41. Ra4 dxc4 42. Bxc4 Ke7 43. Kc3 Rc8 44. Ra7 Kf8 45. Kb3 Ke8 46. b5 Kd8 47. g3
Rb8 48. Kb4 Kc8 49. Kc5 Rb7 50. Ra3 Nd5 51. Bxd5 exd5 52. Kc6 d4 53. Ra8+ Rb8
54. Ra4 Kd8 55. Rxd4+ 1-0

[Event "28.Alpenpokal"]
[Site "?"]
[Date "2002.??.??"]
[Round "7"]
[White "Macher, Claus"]
[Black "Zuri, Amin-Barin"]
[Result "1-0"]
[WhiteElo "1903"]
[BlackElo "1844"]
[Annotator "ChessOrg"]
[PlyCount "88"]

1. d4 Nf6 2. c4 g6 3. Nc3 Bg7 4. e4 d6 5. f3 O-O 6. Be3 b6 7. Qd2 c5 8. d5 Re8
9. g4 a6 10. h4 h5 11. O-O-O hxg4 12. Bg5 Nh5 13. Be2 f6 14. Bh6 Ng3 15. Rh2
Nxe2+ 16. Ncxe2 e5 17. dxe6 Bxe6 18. Bxg7 Kxg7 19. fxg4 Bxg4 20. Qf4 Bxe2 21.
Rxd6 Qe7 22. Rxe2 Nd7 23. Red2 Ne5 24. Nf3 Rad8 25. Rxd8 Rxd8 26. Rxd8 Qxd8 27.
Nxe5 fxe5 28. Qxe5+ Qf6 29. Qxf6+ Kxf6 30. Kd2 Ke5 31. Ke3 b5 32. cxb5 axb5 33.
a3 c4 34. Kf3 Kd4 35. Kf4 Kd3 36. e5 Kc2 37. e6 Kxb2 38. e7 Kxa3 39. e8=Q b4
40. Ke3 c3 41. Kd3 g5 42. hxg5 Kb2 43. Qe2+ Ka1 44. Qc2 b3 1-0

[Event "28.Alpenpokal"]
[Site "?"]
[Date "2002.??.??"]
[Round "7"]
[White "Doehner, Hans-Juergen"]
[Black "Jaeger, Erich"]
[Result "1-0"]
[WhiteElo "2171"]
[BlackElo "1906"]
[Annotator "ChessOrg"]
[PlyCount "113"]

1. e4 c5 2. Nc3 Nc6 3. f4 g6 4. Nf3 Bg7 5. Bc4 d6 6. O-O a6 7. a4 e6 8. d3 Nge7
9. Qe1 O-O 10. f5 exf5 11. Qh4 h5 12. Bg5 Qc7 13. Bf6 Be6 14. Nd5 Bxd5 15. exd5
Bxf6 16. Qxf6 Na7 17. Rae1 Rae8 18. Qg5 Kh7 19. Nh4 Nac8 20. h3 Qd7 21. Bb3 Ng8
22. c4 Rxe1 23. Rxe1 Re8 24. Rf1 Qe7 25. Qxe7 Rxe7 26. Kf2 a5 27. Bd1 Nh6 28.
g3 g5 29. Nf3 Kg6 30. Ne1 Kf6 31. Ng2 Kg6 32. Ne3 Ng8 33. g4 Nh6 34. gxf5+ Kf6
35. Bxh5 Nb6 36. Ke2 Nxa4 37. Kd2 Nb6 38. Ra1 a4 39. Rf1 Re8 40. Nc2 Re5 41.
Ne3 Re8 42. Bd1 Ra8 43. Nc2 Ke5 44. Bg4 Rh8 45. Kc3 Nd7 46. Ne3 Nf6 47. Bd1 Ra8
48. Bc2 b5 49. Re1 b4+ 50. Kd2 Kf4 51. Rf1+ Kg3 52. Ke2 Nh5 53. Rf3+ Kh2 54.
Kf2 Nf4 55. Nf1+ Kh1 56. Rg3 Ng2 57. Rxg2 1-0

[Event "28.Alpenpokal"]
[Site "?"]
[Date "2002.??.??"]
[Round "7"]
[White "Fischer, Ernst"]
[Black "Winter, Rudolf"]
[Result "1/2-1/2"]
[WhiteElo "2197"]
[BlackElo "1640"]
[Annotator "ChessOrg"]
[PlyCount "37"]

1. e4 c5 2. Nf3 Nc6 3. Bb5 d6 4. O-O Bd7 5. c3 Nf6 6. Re1 g6 7. d4 cxd4 8. cxd4
a6 9. Bf1 Bg7 10. Nc3 O-O 11. h3 Ne8 12. Be3 Rc8 13. Qd2 Nc7 14. Rac1 b5 15. a4
Na5 16. Qd1 Nc4 17. Bxc4 bxc4 18. d5 Na8 19. Bd4 1/2-1/2

[Event "28.Alpenpokal"]
[Site "?"]
[Date "2002.??.??"]
[Round "7"]
[White "Perk, Egbert"]
[Black "Weber, Gerhard"]
[Result "1/2-1/2"]
[WhiteElo "2063"]
[BlackElo "2136"]
[Annotator "ChessOrg"]
[PlyCount "44"]

1. d4 Nf6 2. c4 g6 3. Nc3 Bg7 4. e4 d6 5. Be2 O-O 6. Bg5 c5 7. d5 h6 8. Be3 e6
9. Qd2 exd5 10. exd5 Kh7 11. h3 Re8 12. Nf3 Nbd7 13. O-O Ne4 14. Nxe4 Rxe4 15.
Bd3 Re7 16. Rae1 f5 17. Bf4 Rxe1 18. Rxe1 Nf6 19. Qe2 Ng8 20. Qc2 b6 21. Bd2
Bd7 22. Bc3 Qf8 1/2-1/2

[Event "28.Alpenpokal"]
[Site "?"]
[Date "2002.??.??"]
[Round "7"]
[White "Josting, Friedel"]
[Black "Felten, Joachim"]
[Result "0-1"]
[WhiteElo "1862"]
[BlackElo "2099"]
[Annotator "ChessOrg"]
[PlyCount "70"]

1. Nf3 c5 2. c3 d5 3. d4 e6 4. g3 Nf6 5. Bg2 Be7 6. O-O O-O 7. Re1 b6 8. c4 Bb7
9. cxd5 Qxd5 10. Nc3 Qh5 11. e4 Rd8 12. d5 Na6 13. Bg5 Nxd5 14. exd5 Bxg5 15.
Re5 f6 16. Rxe6 Qf7 17. Qe2 Re8 18. Nxg5 fxg5 19. Re1 Kf8 20. Rxe8+ Rxe8 21.
Qxe8+ Qxe8 22. Rxe8+ Kxe8 23. Nb5 Kd7 24. Nxa7 Nb4 25. Nc6 Nxc6 26. dxc6+ Bxc6
27. Bxc6+ Kxc6 28. Kf1 c4 29. Ke2 g4 30. Ke3 Kc5 31. f4 gxf3 32. Kxf3 Kb4 33.
Ke2 c3 34. b3 Ka3 35. Kd3 Kb2 0-1

[Event "28.Alpenpokal"]
[Site "?"]
[Date "2002.??.??"]
[Round "7"]
[White "Eidam, Horst"]
[Black "Gerhards, Walter"]
[Result "0-1"]
[WhiteElo "1889"]
[BlackElo "2086"]
[Annotator "ChessOrg"]
[PlyCount "95"]

1. c4 Nf6 2. Nc3 c5 3. g3 Nc6 4. Bg2 g6 5. Nf3 Bg7 6. O-O O-O 7. d3 d6 8. a3
Rb8 9. Rb1 Bg4 10. Be3 Qd7 11. Qd2 Rbd8 12. Bh6 Ne5 13. Bxg7 Kxg7 14. Nxe5 dxe5
15. f3 Bh3 16. Qg5 Bxg2 17. Kxg2 Qc7 18. b4 cxb4 19. axb4 a6 20. Ra1 Qd6 21.
Rfb1 Qd4 22. Nd1 Rd6 23. Ra5 Re6 24. Qe3 Rd8 25. b5 Rc8 26. Qxd4 exd4 27. Kf2
Rc5 28. h3 Nd7 29. Ra2 Rb6 30. Rab2 axb5 31. e3 dxe3+ 32. Nxe3 Rd6 33. Rxb5
Rxd3 34. Rxb7 Re5 35. Re1 Nc5 36. Rb5 Rc3 37. Rd1 Rexe3 38. Rxc5 Rxf3+ 39. Ke2
Rce3+ 40. Kd2 Rd3+ 41. Kc2 Rxd1 42. Kxd1 Rxg3 43. Kd2 Rxh3 44. Rd5 Kf6 45. c5
Rh5 46. Rxh5 gxh5 47. Kd3 Ke6 48. Kc4 0-1

[Event "28.Alpenpokal"]
[Site "?"]
[Date "2002.??.??"]
[Round "7"]
[White "Zoefel, Peter"]
[Black "Moerger, Karl-Heinz"]
[Result "1/2-1/2"]
[WhiteElo "2070"]
[BlackElo "1782"]
[Annotator "ChessOrg"]
[PlyCount "42"]

1. d4 d5 2. Nf3 Nf6 3. e3 e6 4. Bd3 Bd6 5. Nbd2 b6 6. e4 dxe4 7. Nxe4 Bb7 8.
Nxd6+ Qxd6 9. h3 Nbd7 10. O-O O-O 11. c3 h6 12. Qe2 c5 13. dxc5 Nxc5 14. Bc2
Qc7 15. Be3 Rad8 16. Bxc5 Qxc5 17. Rfd1 Qh5 18. Nd4 Qg5 19. Nf3 Qh5 20. Nd4 Qg5
21. Nf3 Qh5 1/2-1/2

[Event "28.Alpenpokal"]
[Site "?"]
[Date "2002.??.??"]
[Round "7"]
[White "Angerer, Martin"]
[Black "Woell, Josef"]
[Result "0-1"]
[WhiteElo "1991"]
[BlackElo "1756"]
[Annotator "ChessOrg"]
[PlyCount "122"]

1. e4 c5 2. Nf3 Nc6 3. d4 cxd4 4. Nxd4 e6 5. Nc3 a6 6. Be2 Nf6 7. O-O Be7 8.
Be3 O-O 9. Kh1 Nxd4 10. Bxd4 d5 11. e5 Nd7 12. f4 Bc5 13. Bf3 Bxd4 14. Qxd4 Qb6
15. Ne2 f5 16. exf6 Rxf6 17. g3 a5 18. Qxb6 Nxb6 19. Nd4 Bd7 20. Rfe1 Re8 21.
b3 Bc6 22. Re3 g6 23. Rae1 Kf7 24. a4 Nd7 25. Rc3 e5 26. Nxc6 bxc6 27. Bg4 exf4
28. Rxe8 Kxe8 29. gxf4 Rxf4 30. Be6 Ne5 31. Kg2 Ke7 32. Bc8 Kd6 33. Kg3 g5 34.
Re3 h5 35. h3 Re4 36. Kf2 Rxe3 37. Kxe3 c5 38. Bf5 g4 39. hxg4 Nxg4+ 40. Kf4
Ne5 41. Kg5 c4 42. Kxh5 cxb3 43. cxb3 Nf3 44. Kg4 Nd4 45. Kf4 Nxb3 46. Ke3 Kc5
47. Bd7 Kb4 48. Bc6 Kc5 49. Be8 Nd4 50. Kd3 Nc6 51. Kd2 Nb4 52. Bb5 d4 53. Ke2
Nd5 54. Kd3 Nb6 55. Be8 Nc4 56. Bb5 Ne5+ 57. Ke4 Nf7 58. Kd3 Nd6 59. Bd7 Kd5
60. Bg4 Nc4 61. Bd7 Ne5+ 0-1

[Event "28.Alpenpokal"]
[Site "?"]
[Date "2002.??.??"]
[Round "7"]
[White "Martino-Gross, Peter"]
[Black "Kahler, Kurt"]
[Result "1-0"]
[WhiteElo "1963"]
[BlackElo "1745"]
[Annotator "ChessOrg"]
[PlyCount "59"]

1. c4 e5 2. Nc3 Nf6 3. Nf3 Nc6 4. g3 Bb4 5. Bg2 Bxc3 6. bxc3 d6 7. d3 O-O 8.
O-O h6 9. Rb1 Rb8 10. Ne1 Bd7 11. e4 Qc8 12. f4 Bh3 13. f5 Bxg2 14. Nxg2 Kh7
15. Qd2 Rh8 16. Nh4 b6 17. Rb2 Qd7 18. Qd1 Qe7 19. Rg2 g5 20. fxg6+ fxg6 21.
Rgf2 Rhf8 22. Qd2 Ng4 23. Rf3 Rxf3 24. Rxf3 Rf8 25. h3 Rxf3 26. Nxf3 Qe6 27.
hxg4 Qxg4 28. Qxh6+ Kg8 29. Kg2 Nb8 30. Bg5 1-0

[Event "28.Alpenpokal"]
[Site "?"]
[Date "2002.??.??"]
[Round "7"]
[White "Schulz, Toni"]
[Black "Sakowski, Christian"]
[Result "1-0"]
[WhiteElo "1950"]
[BlackElo "1718"]
[Annotator "ChessOrg"]
[PlyCount "101"]

1. e4 c6 2. d4 g6 3. Nc3 Bg7 4. Nf3 d5 5. h3 e6 6. Bd3 Nd7 7. O-O dxe4 8. Nxe4
Ndf6 9. c3 Nxe4 10. Bxe4 Nf6 11. Bc2 O-O 12. Bf4 b6 13. Be5 Bb7 14. Qe2 Re8 15.
Rfd1 Qd7 16. Ng5 Rad8 17. a4 Nd5 18. Bxg7 Kxg7 19. Qg4 Qe7 20. a5 Nf6 21. Qh4
Ra8 22. Re1 Qd7 23. a6 Bc8 24. Re3 h6 25. Nf3 Qe7 26. Ne5 Nd5 27. Qxe7 Rxe7 28.
Rf3 Bd7 29. Ba4 Rc8 30. c4 Nf6 31. Rc1 Rc7 32. b4 Bc8 33. Nxc6 Bd7 34. b5 Bxc6
35. bxc6 Re8 36. Rd3 Rd8 37. Re1 Kf8 38. g4 Kg7 39. f3 Ng8 40. d5 Rd6 41. Red1
Nf6 42. dxe6 Rxe6 43. Rd7 Re7 44. Rxc7 Rxc7 45. Rd7 Ne8 46. Kf2 Kf6 47. h4 Ke6
48. Ke3 f5 49. g5 hxg5 50. hxg5 Rc8 51. c5 1-0

[Event "28.Alpenpokal"]
[Site "?"]
[Date "2002.??.??"]
[Round "7"]
[White "Schuler, Georg"]
[Black "Drewitz, Friedel"]
[Result "1/2-1/2"]
[WhiteElo "2148"]
[BlackElo "1825"]
[Annotator "ChessOrg"]
[PlyCount "113"]

1. c4 e5 2. Nc3 Nf6 3. g3 d5 4. cxd5 Nxd5 5. Bg2 c6 6. d3 Be7 7. Nf3 Bf6 8. Bd2
O-O 9. O-O h6 10. Qb3 Nb6 11. Rac1 Be6 12. Qc2 N8d7 13. a3 Nc5 14. Be3 Nb3 15.
Rcd1 Nd4 16. Bxd4 exd4 17. Ne4 Nd7 18. Qa4 c5 19. Rc1 Qb6 20. b4 Be7 21. bxc5
Nxc5 22. Nxc5 Bxc5 23. Rb1 Qd6 24. Rxb7 Bb6 25. Nd2 Rac8 26. Ne4 Qd8 27. Qb5
Rc2 28. Bf3 Bh3 29. Rd1 Bc8 30. Rb8 Qc7 31. Ra8 Rd8 32. Qb1 Kh7 33. Nd2 Rc5 34.
Nc4 Be6 35. Rxd8 Qxd8 36. Qc1 Bxc4 37. dxc4 Qf6 38. Qb1+ g6 39. Qd3 Rf5 40. Kg2
Kg7 41. Rf1 Ra5 42. Ra1 Qe7 43. Bd5 Qe5 44. a4 g5 45. Ra3 f5 46. f3 Kf6 47. Ra1
Qe3 48. Qxe3 dxe3 49. h4 Ke5 50. hxg5 hxg5 51. g4 fxg4 52. fxg4 Kf4 53. Kh3 Ke5
54. Kg3 Kd4 55. Kf3 Kc3 56. Ra2 Kb4 57. Rb2+ 1/2-1/2

[Event "28.Alpenpokal"]
[Site "?"]
[Date "2002.??.??"]
[Round "7"]
[White "Buesdorf, Konrad"]
[Black "Schneider, Miloca"]
[Result "0-1"]
[WhiteElo "1796"]
[BlackElo "2078"]
[Annotator "ChessOrg"]
[PlyCount "85"]

1. d4 d6 2. Nf3 f5 3. c4 g6 4. Nc3 c6 5. Bf4 Nf6 6. e3 Bg7 7. Be2 Na6 8. O-O
O-O 9. Rc1 Nc7 10. h3 Ne6 11. Ng5 Nxf4 12. exf4 h6 13. Nf3 Ne4 14. Nh4 Kh7 15.
g4 e5 16. Nf3 Nxc3 17. Rxc3 fxg4 18. hxg4 Bxg4 19. Ng5+ hxg5 20. Bxg4 gxf4 21.
Rh3+ Bh6 22. Kg2 Kg7 23. Rfh1 Rh8 24. f3 Qe7 25. Qe2 Bg5 26. Rxh8 Rxh8 27. d5
c5 28. Rxh8 Kxh8 29. Kf1 Bh4 30. Qd3 Kg7 31. Qa3 b6 32. Qd3 Bg3 33. Qa3 Kh6 34.
Qd3 Qh4 35. Ke2 Qh2+ 36. Kd1 Qxb2 37. Qb3 Qd4+ 38. Kc2 e4 39. fxe4 Qxe4+ 40.
Qd3 Qe5 41. Qf1 Kg5 42. Qh3 Qe1 43. Kb3 0-1

[Event "28.Alpenpokal"]
[Site "?"]
[Date "2002.??.??"]
[Round "7"]
[White "Meyer, Thomas"]
[Black "Spurga, Josef"]
[Result "0-1"]
[WhiteElo "1649"]
[BlackElo "1899"]
[Annotator "ChessOrg"]
[PlyCount "78"]

1. d4 d5 2. c4 e6 3. Nc3 c6 4. Nf3 Nf6 5. Bg5 Be7 6. e3 h6 7. Bh4 Nbd7 8. Bd3
b6 9. cxd5 cxd5 10. Rc1 a6 11. O-O Bb7 12. Qe2 O-O 13. Rc2 b5 14. Rfc1 Rc8 15.
Nb1 Rxc2 16. Rxc2 Bd6 17. Nbd2 Qa5 18. a3 Ne4 19. Nb3 Qb6 20. Nfd2 Re8 21. f3
Nef6 22. Bf2 e5 23. e4 Qd8 24. Bg3 Nh5 25. Qf2 Nxg3 26. Qxg3 Qe7 27. Qf2 exd4
28. exd5 Bf4 29. Kf1 Be3 30. Qg3 Bxd5 31. Rc7 Qe6 32. Ne4 Bxe4 33. Bxe4 Qxb3
34. Rxd7 Qc4+ 35. Ke1 Qc1+ 36. Ke2 Qxb2+ 37. Kf1 Qc1+ 38. Ke2 Rc8 39. Rxf7 Qd2+
0-1

[Event "28.Alpenpokal"]
[Site "?"]
[Date "2002.??.??"]
[Round "7"]
[White "Marek, Herbert"]
[Black "Johne, Siegfried"]
[Result "1/2-1/2"]
[WhiteElo "1727"]
[BlackElo "1832"]
[Annotator "ChessOrg"]
[PlyCount "81"]

1. d4 Nf6 2. Bg5 g6 3. e3 Bg7 4. f4 d5 5. Nf3 O-O 6. Bd3 c5 7. c3 b6 8. O-O Bb7
9. Nbd2 Nc6 10. Ne5 Nd7 11. Nxc6 Bxc6 12. f5 f6 13. Bh4 g5 14. Bg3 Qe8 15. h4
gxh4 16. Bxh4 Bh6 17. Rf3 Kh8 18. Rh3 Bg5 19. Kf2 Rg8 20. Qf3 Rg7 21. Rah1
Bxh4+ 22. Rxh4 Qf7 23. Nf1 Rag8 24. g4 Nf8 25. Ng3 Qe8 26. Nh5 Rg5 27. Nf4 Bd7
28. Ne6 Bxe6 29. fxe6 R8g7 30. Qh3 R5g6 31. Bf5 Kg8 32. Qf3 Qb5 33. Qxd5 Qxb2+
34. Kf3 Qxc3 35. Bxg6 Rxg6 36. Rxh7 Nxh7 37. Qh5 Rg7 38. Qe8+ Nf8 39. Rh8+ Kxh8
40. Qxf8+ Kh7 41. Qe8 1/2-1/2

[Event "28.Alpenpokal"]
[Site "?"]
[Date "2002.??.??"]
[Round "7"]
[White "Otto, Matthias"]
[Black "Fehres, Werner"]
[Result "1-0"]
[WhiteElo "1660"]
[BlackElo "2104"]
[Annotator "ChessOrg"]
[PlyCount "75"]

1. e4 e5 2. Nf3 d6 3. d4 Nd7 4. Bc4 h6 5. O-O Qe7 6. Nc3 c6 7. a4 g5 8. h3 Nb6
9. Ba2 g4 10. hxg4 Bxg4 11. dxe5 dxe5 12. Qd3 Nd7 13. Nh2 Be6 14. Bxe6 Qxe6 15.
Be3 Ngf6 16. b4 Bxb4 17. Rab1 a5 18. Ne2 b6 19. c3 Bc5 20. Ng3 Rb8 21. Nf5 Bf8
22. Rb2 c5 23. Rfb1 Qc6 24. f3 h5 25. Bf2 c4 26. Qd1 Bc5 27. Bxc5 Qxc5+ 28. Kh1
O-O 29. Qd2 Rfc8 30. Qh6 Qf8 31. Qg5+ Kh7 32. Nf1 Rc6 33. N1e3 Ng8 34. Qxh5+
Nh6 35. g4 Kg8 36. g5 Nxf5 37. Nxf5 Rg6 38. Rh2 1-0

[Event "28.Alpenpokal"]
[Site "?"]
[Date "2002.??.??"]
[Round "7"]
[White "Kaiser, Hans"]
[Black "Schenfeld, Waldemar"]
[Result "0-1"]
[WhiteElo "1679"]
[BlackElo "1429"]
[Annotator "ChessOrg"]
[PlyCount "82"]

1. e4 e6 2. b3 d5 3. Qe2 dxe4 4. Qxe4 Nf6 5. Qe3 Nbd7 6. Nf3 Bc5 7. d4 Nd5 8.
Qd3 Bd6 9. Be2 a5 10. O-O c6 11. g3 b6 12. c4 Ba6 13. Qd1 N5f6 14. Nc3 O-O 15.
Bb2 Re8 16. Re1 Qc7 17. Bd3 h6 18. Qc2 Bb7 19. Na4 c5 20. Be2 Be4 21. Qd1 Rad8
22. Nc3 Bc6 23. Bf1 Qb7 24. Bg2 cxd4 25. Nb5 Bb4 26. Rf1 e5 27. a3 Bf8 28. Re1
Bc5 29. Nh4 Ne4 30. Nf5 Ndf6 31. f3 d3+ 32. Ne3 Ng5 33. f4 Nf3+ 34. Bxf3 Bxf3
35. Qd2 exf4 36. gxf4 Be2 37. Rxe2 dxe2 38. Bd4 Bxd4 39. Nxd4 Qe4 40. Nec2 Rxd4
41. Qxd4 Qxd4+ 0-1